| 000 | 005680000a22001930004500 | ||
|---|---|---|---|
| 003 | LK-CoMWRAF | ||
| 005 | 20240113141914.0 | ||
| 008 | 230817t1986 ||||| |||| 00| 0 eng d | ||
| 040 |
_aLK-CoMWRAF _dLK-CoMWRAF _eLK-CoMWRAF |
||
| 041 | _aeng | ||
| 082 |
_a323.091 _bWEE |
||
| 100 | _aWeeramantry, C.G. | ||
| 245 |
_aInternational Human Rights: _bsome Islamic perspectives |
||
| 260 |
_aColombo: _bMoor's Islamic Cultural Home, _c1986 |
||
| 300 | _a39 p.; 22 cm | ||
| 505 | _aTranscript of a lecture | ||
| 650 | _aHuman rights- Religious aspects- Islam | ||
| 942 | _cBK | ||
| 999 |
_c1545 _d1545 |
||